Archiecture in a climate of change (Record no. 105998)

MARC details
000 -LEADER
fixed length control field 00351cam a2200145 4500
001 - CONTROL NUMBER
control field L135313
008 - FIXED-LENGTH DATA ELEMENTS--GENERAL INFORMATION
fixed length control field 061013n2005 000 0 eng u
020 ## - INTERNATIONAL STANDARD BOOK NUMBER
International Standard Book Number 0750665440
035 ## - SYSTEM CONTROL NUMBER
System control number (Sirsi) u135313
100 ## - MAIN ENTRY--PERSONAL NAME
Personal name Smith, Peter
245 ## - TITLE STATEMENT
Title Archiecture in a climate of change
260 ## - PUBLICATION, DISTRIBUTION, ETC.
Place of publication, distribution, etc. Architectural Press
Date of publication, distribution, etc. 2005
350 ## - PRICE (NR) (BK AM CF MU VM SE) [OBSOLETE]
Price 19.99
942 ## - ADDED ENTRY ELEMENTS (KOHA)
Suppress in OPAC 0

No items available.